00474cam a22001812 4500001001100000005001700011008004100028020001700069040001500086050002100101100003000122245005200152260003300204300001600237650003300253852000300286852000300289000000383120151217151936.0070515s xx 000 0 eng d a0471979368 : aKABUcKABU 0aQC776b.L45 20061 aLilley, J. S.@000015402610aNuclear physics :bPrinciples and applications. aNew York :bJ. Wiley,c2006. axvi, 393 p. 0aNuclear physics.@00001540221 1